00302nam a22001097a 4500008004100000020001700041082001100058100002200069245006800091260002500159300000800184230914b |||||||| |||| 00| 0 eng d a0-07-46039-7 a105.32 aC Balasubramanian aANSI C with Microsoft C 5.1 and QUICK 2.0 20cC Balasubramanian aNew DelhibTMHc1992 a360